Finančná a kapitálová štruktúra vybraného podniku diplomová práca

Saved in:
Bibliographic Details
Main Author: Marcinechová, Erika
Corporate Author: Fakulta podnikového manažmentu EU. Katedra podnikových financií
Other Authors: Polednáková, Anna, 1957-
Format: Book
Language:Slovak
Published: Bratislava 2023
Tags: Add Tag
No Tags, Be the first to tag this record!

MARC

LEADER 00000nbm a2200000 4500
001 0293447
005 20240307113301.3
041 0 |a slo 
044 |a SK 
245 1 0 |a Finančná a kapitálová štruktúra vybraného podniku  |b diplomová práca  |c Erika Marcinechová ; školiteľ: Anna Polednáková 
264 1 |a Bratislava  |c 2023 
300 |a 66 s. 
100 1 |a Marcinechová, Erika 
700 1 |a Polednáková, Anna, 1957- 
710 2 |a Fakulta podnikového manažmentu EU. Katedra podnikových financií